Départements échangés sur une carte - Statistiques

Statistiques générales
  • Ce quiz a été pris 26 fois
  • Le résultat moyen est 10 sur 12
Réponses sur la Carte
Les réponses sont colorées sur une échelle allant du rouge au vert en fonction du pourcentage des utilisateurs qui les ont devinées à leur premier essai. Vous pouvez retrouver ces pourcentages ci-dessous.
 
Statistiques - réponses
Départements échangées % Correct
Calvados
92%
Oise
92%
Gers
88%
Guyane
88%
Landes
88%
La Réunion
88%
Aube
83%
Indre
83%
Sarthe
83%
Morbihan
79%
Var
79%
Côte d'Or
75%
Aucun quiz correspondant
Distribution des résultats
% des personnes avec chaque résultat
Percentile par nombre de réponses
Votre historique - résultats
Vous n’avez pas pris ce quiz